[Event "HEM 2006 S"]
[Site "Marburg"]
[Date "2006.04.08"]
[Round "1.1"]
[White "Böhm, Siegfried"]
[Black "Brossette, Horst"]
[Result "1-0"]
[WhiteElo "2149"]
[BlackElo "1774"]
[PlyCount "129"]
[EventDate "2006.04.08"]
[EventType "swiss"]
[EventCountry "GER"]

1. d4 Nf6 2. Nf3 g6 3. Nbd2 Bg7 4. e4 d6 5. Bd3 O-O 6. O-O Re8 7. h3 a6 8. Qe2
Bd7 9. Rd1 c6 10. Nf1 Qc7 11. a3 b5 12. Bf4 Nh5 13. Bd2 e5 14. dxe5 dxe5 15. c4
Be6 16. Ng5 Nf4 17. Bxf4 exf4 18. Nxe6 Rxe6 19. cxb5 axb5 20. Rac1 Qe5 21. Bb1
Na6 22. Ba2 Rd6 23. Rxd6 Qxd6 24. Rd1 Qe5 25. Rd7 Rf8 26. b4 Qb2 27. Qxb2 Bxb2
28. Ra7 Nb8 29. Nd2 Bd4 30. Rb7 Bb2 31. Nb1 Be5 32. Kf1 g5 33. Ke2 h5 34. Kd3
Rd8+ 35. Kc2 g4 36. Rxf7 Kh8 37. Rf5 f3 38. Rxh5+ Kg7 39. Rg5+ Kf6 40. Rxg4
fxg2 41. Rxg2 Rh8 42. Rg8 Rxh3 43. Rf8+ Ke7 44. Rf5 Nd7 45. Bb3 Bd4 46. f3 Be5
47. a4 Rh2+ 48. Nd2 Kd6 49. f4 Bd4 50. e5+ Kc7 51. Kd3 Ba1 52. Rf7 Kd8 53. e6
Nf6 54. a5 Rh3+ 55. Ke2 Rh2+ 56. Kd1 Bc3 57. Nf3 Rh1+ 58. Ke2 Rh8 59. a6 Rh1
60. a7 Ra1 61. Rf8+ Ne8 62. Rf7 Bxb4 63. Ne5 Nc7 64. Nxc6+ Ke8 65. Rxc7 1-0

[Event "HEM 2006 S"]
[Site "Marburg"]
[Date "2006.04.08"]
[Round "1.2"]
[White "Weber, Siegfried"]
[Black "Czech, Ludwig"]
[Result "0-1"]
[WhiteElo "1758"]
[BlackElo "2139"]
[PlyCount "54"]
[EventDate "2006.04.08"]
[EventType "swiss"]
[EventCountry "GER"]

1. e4 e6 2. d4 d5 3. Nc3 Bb4 4. e5 c5 5. Bd2 Ne7 6. Nb5 Bxd2+ 7. Qxd2 O-O 8.
dxc5 Nd7 9. f4 Nxc5 10. Bd3 Bd7 11. Nd4 Qb6 12. c3 Nxd3+ 13. Qxd3 Qxb2 14. Rb1
Qxg2 15. Qf3 Qxf3 16. Ngxf3 b6 17. Kd2 Ng6 18. Ke3 Rac8 19. Rhc1 Rc4 20. Nd2
Rc7 21. Rb4 Rfc8 22. Ne2 Ne7 23. Nf3 Nf5+ 24. Kd3 Rc4 25. Rcb1 Kf8 26. Rxc4
dxc4+ 27. Kd2 Bc6 0-1

[Event "HEM 2006 S"]
[Site "Marburg"]
[Date "2006.04.08"]
[Round "1.3"]
[White "Bittner, Friedrich"]
[Black "Lübbers, Doris"]
[Result "1/2-1/2"]
[WhiteElo "2093"]
[BlackElo "1674"]
[PlyCount "88"]
[EventDate "2006.04.08"]
[EventType "swiss"]
[EventCountry "GER"]

1. e4 c5 2. Nf3 d6 3. d4 cxd4 4. Nxd4 Nf6 5. Nc3 a6 6. a4 b6 7. f3 Bb7 8. Bg5
e6 9. Bd3 Be7 10. Qd2 Qc7 11. Be3 Nc6 12. Nxc6 Bxc6 13. Qe2 Bb7 14. Qf2 Nd7 15.
Bd4 Bf6 16. Bxf6 Nxf6 17. Qg3 O-O 18. h4 Nh5 19. Qg5 Qc5 20. Qd2 Qe5 21. O-O-O
Qf4 22. g4 Qxd2+ 23. Rxd2 Nf4 24. Rhd1 Rac8 25. Kb1 Rc5 26. Bf1 d5 27. exd5
Nxd5 28. Nxd5 Rxd5 29. Be2 Rfd8 30. Rxd5 Rxd5 31. Rxd5 exd5 32. c3 h6 33. Kc2
Kf8 34. Kd3 Ke7 35. Kd4 Kd6 36. f4 f6 37. f5 a5 38. Bf3 Bc6 39. b3 Bb7 40. c4
Bc6 41. Bxd5 Bd7 42. Be4 Be8 43. Bf3 Bd7 44. h5 Be8 1/2-1/2

[Event "HEM 2006 S"]
[Site "Marburg"]
[Date "2006.04.08"]
[Round "1.8"]
[White "Kicler, Jakob"]
[Black "Wohlfart, Karl-Heinz"]
[Result "1-0"]
[WhiteElo "1638"]
[BlackElo "1970"]
[PlyCount "67"]
[EventDate "2006.04.08"]
[EventType "swiss"]
[EventCountry "GER"]

1. e4 g6 2. d4 Bg7 3. Bc4 c6 4. Nc3 d6 5. Nge2 Nf6 6. O-O O-O 7. f4 b5 8. Bd3
Na6 9. e5 Ne8 10. Be4 d5 11. Bf3 Nac7 12. Ng3 f6 13. Be3 Ne6 14. Qd2 b4 15.
Nce2 a5 16. f5 N6c7 17. fxg6 hxg6 18. Nf4 Kf7 19. Qd3 f5 20. Nxg6 e6 21. Nxf8
Ba6 22. Nxe6 Bxd3 23. Nxd8+ Rxd8 24. cxd3 Ke6 25. Bh5 c5 26. Nxf5 Rd7 27. Nxg7+
Rxg7 28. Rf4 c4 29. Raf1 c3 30. bxc3 bxc3 31. Rc1 Kd7 32. Rf7+ Ke6 33. Rxg7
Nxg7 34. Bg4+ 1-0

[Event "HEM 2006 S"]
[Site "Marburg"]
[Date "2006.04.09"]
[Round "2.1"]
[White "Smits, Oswald"]
[Black "Böhm, Siegfried"]
[Result "0-1"]
[WhiteElo "1905"]
[BlackElo "2149"]
[PlyCount "114"]
[EventDate "2006.04.08"]
[EventType "swiss"]
[EventCountry "GER"]

1. d4 d5 2. Nf3 Nf6 3. e3 e6 4. Bd3 Nbd7 5. Nbd2 c5 6. c3 Bd6 7. O-O O-O 8. e4
cxd4 9. Nxd4 Nc5 10. Qe2 Nxd3 11. Qxd3 Bf4 12. exd5 Qxd5 13. Qf3 Qd6 14. g3
Bxd2 15. Bxd2 e5 16. Nb3 a5 17. Bg5 Bg4 18. Qe3 a4 19. Bxf6 Qxf6 20. Nd2 Rad8
21. f3 Bd7 22. Ne4 Qg6 23. Rad1 Bc6 24. Qe2 h5 25. Rde1 Qe6 26. a3 Bd5 27. Ng5
Qb6+ 28. Kg2 f6 29. Ne4 Qc7 30. Nd2 Qf7 31. Qb5 Bc6 32. Qe2 Rd7 33. Rf2 Rfd8
34. Nf1 g5 35. Kg1 g4 36. fxg4 Qd5 37. Rg2 Qxg2+ 38. Qxg2 Bxg2 39. Kxg2 hxg4
40. Re4 b5 41. Rxg4+ Kf7 42. Rb4 Rd5 43. c4 Rd4 44. Rxb5 Rxc4 45. Ne3 Rd2+ 46.
Kh3 Rc8 47. Rb7+ Kg6 48. Rb4 Rh8+ 49. Kg4 Rd4+ 50. Kf3 Rxh2 51. Rxd4 exd4 52.
Nc4 f5 53. Nb6 Rxb2 54. Nxa4 Rb3+ 55. Kf2 Rxa3 56. Nc5 Kf6 57. Kg2 Ke5 0-1

[Event "HEM 2006 S"]
[Site "Marburg"]
[Date "2006.04.09"]
[Round "2.2"]
[White "Czech, Ludwig"]
[Black "Kicler, Jakob"]
[Result "1-0"]
[WhiteElo "2139"]
[BlackElo "1638"]
[PlyCount "83"]
[EventDate "2006.04.08"]
[EventType "swiss"]
[EventCountry "GER"]

1. c4 c6 2. Nf3 d5 3. b3 f5 4. Bb2 Nf6 5. g3 e6 6. Bg2 Be7 7. O-O O-O 8. d3
Nbd7 9. Qc2 Qe8 10. Nbd2 Bd6 11. e4 fxe4 12. dxe4 Nxe4 13. Nxe4 dxe4 14. Qxe4
Nf6 15. Qd3 Qe7 16. Rad1 Bc7 17. Be5 Ng4 18. Bd6 Bxd6 19. Qxd6 Qf6 20. h3 Nh6
21. Qd4 Nf5 22. Qe4 Rd8 23. Ne5 Nd6 24. Ng4 Qf5 25. Qe5 Qxe5 26. Nxe5 Nf7 27.
Nxf7 Rxd1 28. Nh6+ gxh6 29. Rxd1 Kf7 30. Rd8 Ke7 31. Rh8 Kd6 32. Rxh7 Bd7 33.
c5+ Kc7 34. Be4 b6 35. cxb6+ axb6 36. Bb1 b5 37. Rxh6 Rd8 38. Kf1 Bc8 39. Ke2
Kd6 40. g4 Ke5 41. Ke3 Rd4 42. Rf6 1-0

[Event "HEM 2006 S"]
[Site "Marburg"]
[Date "2006.04.09"]
[Round "2.4"]
[White "Haftmann, Rainer"]
[Black "Bittner, Friedrich"]
[Result "1/2-1/2"]
[WhiteElo "1791"]
[BlackElo "2093"]
[PlyCount "107"]
[EventDate "2006.04.08"]
[EventType "swiss"]
[EventCountry "GER"]

1. e4 e5 2. Nf3 Nc6 3. Bb5 a6 4. Ba4 d6 5. O-O Nf6 6. Re1 Be7 7. c3 O-O 8. h3
Nd7 9. Bxc6 bxc6 10. d4 Bf6 11. dxe5 dxe5 12. Be3 c5 13. c4 Rb8 14. Qc2 Qe7 15.
Nc3 c6 16. Na4 Re8 17. Rad1 Qf8 18. Rd2 Be7 19. Red1 Rb7 20. b3 f6 21. Ne1 Nb6
22. Nxb6 Rxb6 23. Qc1 f5 24. exf5 Bxf5 25. Nd3 Bd6 26. Nb2 Re6 27. Na4 Rb8 28.
Qa3 Rg6 29. Kf1 Be4 30. f4 exf4 31. Bxc5 Bxc5 32. Qxc5 f3 33. Qxf8+ Rxf8 34. g4
Rg5 35. Nc3 Bg6 36. Rd8 h5 37. Rxf8+ Kxf8 38. Rd4 Ke7 39. Kf2 hxg4 40. Rxg4 Kf6
41. Rxg5 Kxg5 42. Kxf3 Kh4 43. Kg2 Bf5 44. Na4 Bxh3+ 45. Kf2 Bc8 46. Nb6 Bf5
47. Na4 Kh3 48. Nc3 g5 49. c5 g4 50. Ne2 Bd3 51. Ng3 Bb1 52. a3 Bd3 53. Nh5 Bg6
54. Ng3 1/2-1/2

[Event "HEM 2006 S"]
[Site "Marburg"]
[Date "2006.04.09"]
[Round "2.5"]
[White "Lübbers, Doris"]
[Black "Escher, Helmut"]
[Result "0-1"]
[WhiteElo "1674"]
[BlackElo "2068"]
[PlyCount "70"]
[EventDate "2006.04.08"]
[EventType "swiss"]
[EventCountry "GER"]

1. d4 Nf6 2. Nf3 d5 3. e3 Bg4 4. Be2 e6 5. O-O Bd6 6. b3 Nbd7 7. Ba3 Bxa3 8.
Nxa3 Ne4 9. Nb1 O-O 10. Qd3 Bf5 11. Qd1 Qf6 12. c4 c6 13. Qc1 e5 14. Nbd2 Nxd2
15. Qxd2 e4 16. Ne1 Qg6 17. f3 exf3 18. Bxf3 dxc4 19. bxc4 Rad8 20. Rc1 Rfe8
21. Qf2 Qg5 22. Rc3 Bg6 23. g3 Qe7 24. c5 Nf6 25. Ng2 Be4 26. Re1 h6 27. Ra3 a6
28. Rb3 Rd7 29. Nf4 Bxf3 30. Qxf3 Rxd4 31. exd4 Qxe1+ 32. Qf1 Qd2 33. Qf2 Qd1+
34. Kg2 Ng4 35. Qf3 Qd2+ 0-1

[Event "HEM 2006 S"]
[Site "Marburg"]
[Date "2006.04.09"]
[Round "2.6"]
[White "Hegner, Peter"]
[Black "Homes, Helmut"]
[Result "1/2-1/2"]
[WhiteElo "1645"]
[BlackElo "2020"]
[PlyCount "119"]
[EventDate "2006.04.08"]
[EventType "swiss"]
[EventCountry "GER"]

1. e4 e5 2. Nf3 Nc6 3. Bc4 Nf6 4. d3 Be7 5. Be3 O-O 6. a3 d5 7. exd5 Nxd5 8.
Nbd2 Nxe3 9. fxe3 Bc5 10. Qe2 a6 11. b4 Ba7 12. O-O b5 13. Ba2 Bg4 14. Kh1 Qe7
15. Ne4 Rad8 16. h3 Bh5 17. g4 Bg6 18. Nfd2 Qh4 19. Rf3 h5 20. g5 Ne7 21. Raf1
Bf5 22. Qf2 Qxf2 23. R1xf2 Bg6 24. Kh2 h4 25. Rf1 Bh5 26. Kg2 Bxf3+ 27. Rxf3
Nd5 28. Nc5 Bxc5 29. bxc5 Nc3 30. Bb3 a5 31. g6 Nd5 32. gxf7+ Kh7 33. Ne4 Kg6
34. c4 bxc4 35. Bxc4 Nf6 36. Nf2 Rb8 37. e4 Rb2 38. Rf5 Nd7 39. Kf3 Rb1 40. Kg4
Rg1+ 41. Kf3 Rg3+ 42. Ke2 Rg5 43. Rxg5+ Kxg5 44. Ng4 Kf4 45. c6 Nb6 46. Bb3 Nc8
47. Ne3 Ne7 48. Nd5+ Nxd5 49. Bxd5 g5 50. Be6 g4 51. hxg4 h3 52. Kf2 Rb8 53.
Bb3 Kxg4 54. Bd1+ Kf4 55. Bb3 Rh8 56. Kg1 Kg3 57. Kh1 Kf3 58. Kh2 Ke3 59. Bc4
Kd4 60. a4 1/2-1/2

[Event "HEM 2006 S"]
[Site "Marburg"]
[Date "2006.04.09"]
[Round "2.7"]
[White "Roth, Reinhard"]
[Black "Behrendt, Wolfgang"]
[Result "1/2-1/2"]
[WhiteElo "1980"]
[BlackElo "1801"]
[PlyCount "83"]
[EventDate "2006.04.08"]
[EventType "swiss"]
[EventCountry "GER"]

1. e4 d6 2. Bc4 Nf6 3. d3 g6 4. c3 Bg7 5. h3 O-O 6. Nf3 c6 7. Bb3 a5 8. a4 Nbd7
9. Be3 b6 10. Qd2 Ba6 11. Bc2 Qc7 12. Bh6 Rad8 13. Bxg7 Kxg7 14. Qe3 e5 15. O-O
Nc5 16. Rc1 Ne6 17. d4 Rfe8 18. Nbd2 Re7 19. b4 Nf4 20. Re1 Ne6 21. Rac1 c5 22.
d5 Nf8 23. b5 Bc8 24. c4 h6 25. Kf1 Nh5 26. Ng1 Nf4 27. g3 Nxh3 28. Nxh3 Bxh3+
29. Ke2 g5 30. Rh1 Bg4+ 31. f3 Bc8 32. Rcg1 Ng6 33. Kd3 f6 34. Bd1 Rh8 35. Rh5
Kf8 36. Kc2 Reh7 37. Nf1 Qg7 38. Nh2 Bd7 39. Ng4 Bxg4 40. fxg4 Ke7 41. Qf3 Rf8
42. Qf5 1/2-1/2

[Event "HEM 2006 S"]
[Site "Marburg"]
[Date "2006.04.09"]
[Round "2.8"]
[White "Christ, Anton"]
[Black "Schmieder, Wolfgang"]
[Result "0-1"]
[WhiteElo "1664"]
[BlackElo "1978"]
[PlyCount "74"]
[EventDate "2006.04.08"]
[EventType "swiss"]
[EventCountry "GER"]

1. e4 c5 2. Nc3 d6 3. f4 g6 4. Nf3 Bg7 5. Bc4 e6 6. O-O a6 7. a4 Ne7 8. d4 cxd4
9. Nxd4 O-O 10. Be3 Nbc6 11. Nde2 b6 12. Ra3 Na5 13. Ba2 Bb7 14. b4 Nac6 15. b5
Na5 16. bxa6 Bxa6 17. Nb5 Rc8 18. Nxd6 Bxe2 19. Qxe2 Qxd6 20. Rd3 Qc6 21. e5
Nf5 22. Bf2 Qxa4 23. Bb3 Nxb3 24. Rxb3 b5 25. Qxb5 Qxb5 26. Rxb5 Rxc2 27. g4
Ne7 28. Bc5 Re8 29. Bxe7 Rxe7 30. f5 exf5 31. gxf5 Bxe5 32. f6 Re6 33. Rf2 Rxf2
34. Kxf2 Bxh2 35. Kg2 Be5 36. Kf3 Bxf6 37. Kf4 Kg7 0-1

[Event "HEM 2006 S"]
[Site "Marburg"]
[Date "2006.04.09"]
[Round "2.9"]
[White "Wohlfart, Karl-Heinz"]
[Black "Becker, Günter"]
[Result "0-1"]
[WhiteElo "1970"]
[BlackElo "1669"]
[PlyCount "114"]
[EventDate "2006.04.08"]
[EventType "swiss"]
[EventCountry "GER"]

1. Nf3 d5 2. g3 c6 3. Bg2 g6 4. O-O Bg7 5. d3 Bg4 6. h3 Bxf3 7. Bxf3 Qb6 8. c3
Nd7 9. Nd2 e6 10. Qc2 Ne7 11. e4 O-O 12. Bg2 f5 13. Nf3 fxe4 14. dxe4 Ne5 15.
Ng5 c5 16. h4 h6 17. Nh3 Rac8 18. Qe2 d4 19. Kh1 d3 20. Qd1 Rfd8 21. b3 Nf7 22.
Bd2 Nd6 23. Rb1 Qa5 24. b4 cxb4 25. Qb3 bxc3 26. Qxe6+ Kh7 27. Bxc3 Qxc3 28.
Qxe7 Qe5 29. Qxe5 Bxe5 30. f4 Bg7 31. Rfd1 Nc4 32. Rxb7 Ne3 33. Nf2 Nxd1 34.
Nxd1 Rc1 35. Bf3 a5 36. Kg2 Rc2+ 37. Kh3 Rxa2 38. f5 gxf5 39. exf5 Kg8 40. Kg4
Ra1 41. Kh5 Rd6 42. g4 a4 43. g5 a3 44. f6 Bxf6 45. gxf6 Rxf6 46. Bd5+ Kf8 47.
Nc3 Rc1 48. Ne4 Rf5+ 49. Kg6 Rxd5 50. Rf7+ Ke8 51. Nf6+ Kd8 52. Nxd5 d2 53. Ne3
a2 54. Ra7 a1=Q 55. Rxa1 Rxa1 56. Kxh6 Re1 57. Nc2 Re6+ 0-1

[Event "HEM 2006 S"]
[Site "Marburg"]
[Date "2006.04.09"]
[Round "2.10"]
[White "Schmieder, Horst"]
[Black "Weber, Siegfried"]
[Result "0-1"]
[WhiteElo "1777"]
[BlackElo "1758"]
[PlyCount "90"]
[EventDate "2006.04.08"]
[EventType "swiss"]
[EventCountry "GER"]

1. d4 d6 2. e4 Nd7 3. Nc3 g6 4. Nf3 Bg7 5. Be3 Ngf6 6. h3 O-O 7. Qd2 a6 8. Bd3
b5 9. b4 Bb7 10. Rd1 Rc8 11. O-O c5 12. bxc5 dxc5 13. d5 c4 14. Be2 b4 15. Nb1
c3 16. Qe1 Nxe4 17. Ng5 Nxg5 18. Bxg5 f6 19. Be3 Qa5 20. d6 e5 21. a3 bxa3 22.
Nxc3 Qxc3 23. Qxc3 Rxc3 24. Rc1 Rfc8 25. Bd1 Be4 26. Ra1 Bxc2 27. Bxc2 Rxc2 28.
Rxa3 R2c6 29. Rfa1 Ra8 30. Rd1 Bf8 31. g3 Kf7 32. Rb3 Ke6 33. Rbd3 a5 34. Bc1
Rxd6 35. Bb2 Rxd3 36. Rxd3 a4 37. Ba3 Bxa3 38. Rxa3 Nb6 39. Kf1 Nc4 40. Ra2 a3
41. Ke2 Rd8 42. Ra1 Rd2+ 43. Ke1 Rb2 44. f3 a2 45. Rxa2 Rxa2 0-1

[Event "HEM 2006 S"]
[Site "Marburg"]
[Date "2006.04.09"]
[Round "2.11"]
[White "Brossette, Horst"]
[Black "Ernst, Klaus"]
[Result "1/2-1/2"]
[WhiteElo "1774"]
[BlackElo "1596"]
[PlyCount "117"]
[EventDate "2006.04.08"]
[EventType "swiss"]
[EventCountry "GER"]

1. d4 Nf6 2. Nf3 d5 3. c4 e6 4. Nc3 Bb4 5. Bg5 h6 6. Bh4 Be7 7. e3 O-O 8. Bd3
dxc4 9. Bxc4 a6 10. O-O b5 11. Bd3 Bb7 12. Rc1 Qd7 13. Ne5 Qd8 14. Re1 Nbd7 15.
Bg3 Rc8 16. Bb1 Bd6 17. Nxd7 Qxd7 18. e4 Bxg3 19. fxg3 Rfd8 20. e5 Nh7 21. Ne2
Qd5 22. Bxh7+ Kxh7 23. Qc2+ Kg8 24. Nc3 Qxd4+ 25. Kh1 Qd2 26. Red1 Bxg2+ 27.
Kg1 Qxc2 28. Rxd8+ Rxd8 29. Rxc2 Bb7 30. Ne2 Rd7 31. Kf2 Kf8 32. Ke3 Ke7 33. h4
Bd5 34. b3 c6 35. Nf4 Rc7 36. Kd4 g5 37. Nxd5+ exd5 38. hxg5 hxg5 39. Rf2 Rc8
40. Rf5 Rg8 41. g4 Rg6 42. Kc5 a5 43. a3 f6 44. e6 Kxe6 45. Kxc6 d4 46. Kxb5
Rg8 47. Kc4 Rd8 48. Kd3 Rd5 49. Rf1 f5 50. gxf5+ Rxf5 51. Rxf5 Kxf5 52. Kxd4
Kf4 53. Kd3 Kf3 54. b4 axb4 55. a4 g4 56. a5 g3 57. a6 g2 58. a7 g1=Q 59. a8=Q+
1/2-1/2

[Event "HEM 2006 S"]
[Site "Marburg"]
[Date "2006.04.10"]
[Round "3.1"]
[White "Böhm, Siegfried"]
[Black "Czech, Ludwig"]
[Result "1/2-1/2"]
[WhiteElo "2149"]
[BlackElo "2139"]
[PlyCount "75"]
[EventDate "2006.04.08"]
[EventType "swiss"]
[EventCountry "GER"]

1. d4 f5 2. Nf3 Nf6 3. Bg5 e6 4. Nbd2 Be7 5. Bxf6 Bxf6 6. e4 fxe4 7. Nxe4 Qe7
8. c3 b6 9. Qc2 Bb7 10. Bd3 Nc6 11. O-O-O O-O-O 12. Rhe1 g6 13. Nxf6 Qxf6 14.
Kb1 Kb8 15. Be4 Rhf8 16. Re2 Ba6 17. Red2 Bb7 18. a3 d5 19. Bd3 e5 20. Bb5 e4
21. Bxc6 exf3 22. Bxb7 Kxb7 23. g3 Rde8 24. h4 Re7 25. Qd3 h6 26. Rc2 Qf5 27.
Qxf5 Rxf5 28. Kc1 g5 29. hxg5 hxg5 30. Kd2 Rf6 31. Kd3 c5 32. b3 Rc6 33. Rcd2
c4+ 34. bxc4 Rxc4 35. Rh1 Rc6 36. Rc1 Rc4 37. Rh1 Rc6 38. Rc1 1/2-1/2

[Event "HEM 2006 S"]
[Site "Marburg"]
[Date "2006.04.10"]
[Round "3.2"]
[White "Escher, Helmut"]
[Black "Schmieder, Wolfgang"]
[Result "1-0"]
[WhiteElo "2068"]
[BlackElo "1978"]
[PlyCount "69"]
[EventDate "2006.04.08"]
[EventType "swiss"]
[EventCountry "GER"]

1. d4 Nf6 2. Nf3 g6 3. Bf4 Bg7 4. h3 d5 5. c3 c6 6. Nbd2 O-O 7. e3 Bf5 8. Nh4
Qd7 9. g4 Nxg4 10. hxg4 Bxg4 11. Be2 Bxe2 12. Qxe2 f6 13. Ng2 e5 14. Bh6 exd4
15. Bxg7 Qxg7 16. exd4 Nd7 17. O-O-O Rae8 18. Qd3 Re7 19. Nh4 f5 20. Rdg1 Qf6
21. f4 Rg7 22. Ndf3 Qd6 23. Ne5 Rf6 24. Nhf3 Nf8 25. Kb1 b5 26. Rh4 a5 27. Ng5
Ne6 28. Nxh7 Rxh7 29. Rxh7 Nxf4 30. Rgh1 Nh5 31. Rd7 Qf8 32. Qh3 Qh6 33. Nxg6
Rxg6 34. Qxh5 Qxh5 35. Rxh5 1-0

[Event "HEM 2006 S"]
[Site "Marburg"]
[Date "2006.04.10"]
[Round "3.3"]
[White "Becker, Günter"]
[Black "Claus, Jürgen"]
[Result "1/2-1/2"]
[WhiteElo "1669"]
[BlackElo "2039"]
[PlyCount "62"]
[EventDate "2006.04.08"]
[EventType "swiss"]
[EventCountry "GER"]

1. c4 Nf6 2. g3 g6 3. Bg2 c6 4. e4 Bg7 5. Ne2 d5 6. cxd5 cxd5 7. Nbc3 dxe4 8.
Nxe4 Nxe4 9. Bxe4 Qb6 10. O-O Nd7 11. d4 O-O 12. Be3 Nf6 13. Bg2 Qxb2 14. a4
Bf5 15. Qd2 Qxd2 16. Bxd2 Be4 17. Bxe4 Nxe4 18. Be3 Rfd8 19. Rab1 Rd7 20. Rfc1
Rad8 21. Rb4 b6 22. Rbc4 Kf8 23. Rc7 Ke8 24. Kg2 e6 25. Nf4 Rxc7 26. Rxc7 Rd7
27. Rxd7 Kxd7 28. d5 e5 29. Nd3 Nc3 30. a5 Nxd5 31. axb6 axb6 1/2-1/2

[Event "HEM 2006 S"]
[Site "Marburg"]
[Date "2006.04.10"]
[Round "3.4"]
[White "Bittner, Friedrich"]
[Black "Hegner, Peter"]
[Result "1-0"]
[WhiteElo "2093"]
[BlackElo "1645"]
[PlyCount "81"]
[EventDate "2006.04.08"]
[EventType "swiss"]
[EventCountry "GER"]

1. e4 e5 2. Nf3 Nc6 3. Bb5 Nf6 4. O-O d6 5. Re1 Be7 6. c3 O-O 7. h3 a6 8. Ba4
h6 9. d4 exd4 10. cxd4 b5 11. Bb3 Na5 12. Bc2 Bb7 13. Nbd2 Nc6 14. Nf1 Nh7 15.
Be3 Ng5 16. Nxg5 Bxg5 17. f4 Bh4 18. g3 Be7 19. Rc1 Bc8 20. Kh2 Qd7 21. f5 Bf6
22. Bb1 Bb7 23. Qd2 Rfe8 24. g4 Bh4 25. Re2 Qe7 26. Ng3 Bxg3+ 27. Kxg3 f6 28.
Bf4 Rad8 29. Rce1 Qf8 30. h4 Ne5 31. g5 Nc4 32. Qc1 fxg5 33. hxg5 hxg5 34. Bxg5
Rd7 35. b3 Nb6 36. Qf4 d5 37. e5 Qb4 38. Rh1 c5 39. Qh4 Qc3+ 40. Re3 Qxd4 41.
Qh8+ 1-0

[Event "HEM 2006 S"]
[Site "Marburg"]
[Date "2006.04.10"]
[Round "3.5"]
[White "Homes, Helmut"]
[Black "Behrendt, Wolfgang"]
[Result "1-0"]
[WhiteElo "2020"]
[BlackElo "1801"]
[PlyCount "91"]
[EventDate "2006.04.08"]
[EventType "swiss"]
[EventCountry "GER"]

1. e4 d6 2. d4 Nf6 3. Nc3 g6 4. Nf3 Bg7 5. Be2 O-O 6. O-O c6 7. h3 Nbd7 8. Be3
Qc7 9. Qd2 a6 10. a4 b6 11. Bh6 Bb7 12. Bxg7 Kxg7 13. Qg5 e5 14. dxe5 dxe5 15.
Nh4 Ng8 16. Rfd1 h6 17. Qg3 Ndf6 18. Nf5+ Kh7 19. Nd6 Nd7 20. Bc4 f6 21. Qg4
Nc5 22. b4 h5 23. Qh4 Nd7 24. g4 Rad8 25. gxh5 g5 26. Bxg8+ Rxg8 27. Qg4 Nf8
28. Qf5+ Kg7 29. h6+ Kxh6 30. Qxf6+ Kh5 31. Nf5 Ng6 32. Rxd8 Qxd8 33. Ng3+ Kh6
34. Qf3 Nf4 35. Nf5+ Kg6 36. Rd1 Qe8 37. Rd6+ Ne6 38. Ng3 Bc8 39. Qf5+ Kg7 40.
Qxe5+ Kg6 41. Qf5+ Kg7 42. e5 Rf8 43. Qg4 Rh8 44. Nf5+ Kf8 45. Ne4 Nf4 46. Rf6+
1-0

[Event "HEM 2006 S"]
[Site "Marburg"]
[Date "2006.04.10"]
[Round "3.6"]
[White "Kicler, Jakob"]
[Black "Roth, Reinhard"]
[Result "1/2-1/2"]
[WhiteElo "1638"]
[BlackElo "1980"]
[PlyCount "120"]
[EventDate "2006.04.08"]
[EventType "swiss"]
[EventCountry "GER"]

1. e4 e5 2. Nf3 Nc6 3. Bc4 Be7 4. O-O Nf6 5. Nc3 d6 6. d4 Bg4 7. d5 Nd4 8. Be2
Nxe2+ 9. Qxe2 h6 10. Qb5+ Nd7 11. Ne1 b6 12. f3 Bh5 13. Be3 a6 14. Qe2 Nf6 15.
Nd3 a5 16. Qd2 g5 17. Bf2 Qd7 18. a4 Bg6 19. Rae1 Nh5 20. Nb5 Rg8 21. Qc3 Bd8
22. Qc6 Qxc6 23. dxc6 Rb8 24. Nc3 Nf4 25. Nxf4 gxf4 26. Re2 h5 27. h4 f6 28.
Nd5 Bf7 29. Be1 Be6 30. Kh2 Kf7 31. c3 f5 32. b4 axb4 33. cxb4 fxe4 34. fxe4
Bxd5 35. exd5 Bf6 36. g3 Ra8 37. Ra2 Rg4 38. gxf4 exf4 39. Kh3 Re8 40. Raf2
Rxh4+ 41. Kg2 Rg8+ 42. Kf3 Rg3+ 43. Ke2 Re3+ 44. Kd1 Re4 45. a5 Rd4+ 46. Kc2
bxa5 47. bxa5 Be5 48. Rd2 Rc4+ 49. Kd1 Rh3 50. Ra2 Rd3+ 51. Bd2 Rxd5 52. a6
Rdd4 53. a7 Ra4 54. a8=Q Rxa8 55. Rxa8 Ke6 56. Rh1 Kd5 57. Ra6 Ke4 58. Rxh5 Rd5
59. Ra4+ Kf3 60. Rg5 Rc5 1/2-1/2

[Event "HEM 2006 S"]
[Site "Marburg"]
[Date "2006.04.10"]
[Round "3.8"]
[White "Weber, Siegfried"]
[Black "Haftmann, Rainer"]
[Result "0-1"]
[WhiteElo "1758"]
[BlackElo "1791"]
[PlyCount "97"]
[EventDate "2006.04.08"]
[EventType "swiss"]
[EventCountry "GER"]

1. e4 e5 2. Nf3 Nc6 3. Bc4 Nf6 4. d4 exd4 5. O-O Nxe4 6. Re1 d5 7. Bxd5 Qxd5 8.
Nc3 Qa5 9. Nxe4 Be6 10. Neg5 O-O-O 11. Nxe6 fxe6 12. Rxe6 Bd6 13. Qe2 Qh5 14.
h3 Rde8 15. Bd2 d3 16. Rxe8+ Rxe8 17. Qxd3 Ne5 18. Nxe5 Qxe5 19. g3 Qxb2 20.
Bc3 Qb6 21. Bd4 Qa5 22. Bc3 Qh5 23. Bd4 Qd5 24. Kh2 c5 25. Be3 Qxd3 26. cxd3 b6
27. Kg2 Kd7 28. a4 Kc6 29. Ra2 Kd5 30. Rb2 Be5 31. Rb3 Bd4 32. Kf3 h5 33. a5
Rf8+ 34. Ke2 Rf6 35. axb6 axb6 36. g4 hxg4 37. hxg4 Re6 38. Kf3 Rf6+ 39. Ke2
Re6 40. Kf3 Bf6 41. Kf4 Bd8 42. Kf3 Bc7 43. Kg2 Rf6 44. Bc1 Kc6 45. Be3 Bf4 46.
Bxf4 Rxf4 47. Kg3 g5 48. Rb1 Rd4 49. Kf3 0-1

[Event "HEM 2006 S"]
[Site "Marburg"]
[Date "2006.04.10"]
[Round "3.9"]
[White "Christ, Anton"]
[Black "Brossette, Horst"]
[Result "1-0"]
[WhiteElo "1664"]
[BlackElo "1774"]
[PlyCount "59"]
[EventDate "2006.04.08"]
[EventType "swiss"]
[EventCountry "GER"]

1. e4 c5 2. c3 d6 3. d4 cxd4 4. cxd4 g6 5. Nf3 Bg7 6. Bc4 e6 7. O-O Qc7 8. Na3
a6 9. Bf4 b5 10. Bxb5+ axb5 11. Nxb5 Qd7 12. Nxd6+ Ke7 13. Nxc8+ Qxc8 14. Rc1
Qe8 15. Qb3 Kf8 16. Bd6+ Ne7 17. Rc7 Nd7 18. Qb5 Rd8 19. a4 Kg8 20. Rfc1 Bh6
21. R1c3 Kg7 22. g4 f6 23. h4 Rg8 24. g5 Kh8 25. gxf6 g5 26. fxe7 gxh4+ 27. Kf1
Qg6 28. exd8=Q Qg2+ 29. Ke2 Rxd8 30. Rxd7 1-0

[Event "HEM 2006 S"]
[Site "Marburg"]
[Date "2006.04.10"]
[Round "3.10"]
[White "Ernst, Klaus"]
[Black "Lübbers, Doris"]
[Result "1/2-1/2"]
[WhiteElo "1596"]
[BlackElo "1674"]
[PlyCount "84"]
[EventDate "2006.04.08"]
[EventType "swiss"]
[EventCountry "GER"]

1. d4 d5 2. Nf3 Nf6 3. e3 e6 4. c4 c5 5. dxc5 Bxc5 6. a3 a6 7. b4 Be7 8. Bb2
dxc4 9. Qxd8+ Bxd8 10. Bxc4 b5 11. Be2 Bb7 12. O-O O-O 13. Nbd2 Be7 14. Rac1
Rc8 15. Nb3 Nbd7 16. Na5 Bd5 17. Nd4 Nb6 18. Ndc6 Bxc6 19. Nxc6 Kf8 20. Rfd1
Nbd5 21. Bf3 Re8 22. e4 Nb6 23. Na5 Rac8 24. Kf1 Rxc1 25. Rxc1 Rc8 26. Ke2 Rxc1
27. Bxc1 e5 28. Bb2 Bd6 29. Kd3 Ke7 30. Bd1 Kd7 31. f3 Ne8 32. Bb3 f6 33. Bc1
Nc7 34. Be3 Nc8 35. Kc3 Ne7 36. Bc2 Nc6 37. Nb7 Be7 38. Bb3 h6 39. Bb6 Bd6 40.
Bc5 Be7 41. Bb6 Bd6 42. Na5 Nb8 1/2-1/2

[Event "HEM 2006 S"]
[Site "Marburg"]
[Date "2006.04.10"]
[Round "3.11"]
[White "Schmieder, Horst"]
[Black "Wohlfart, Karl-Heinz"]
[Result "0-1"]
[WhiteElo "1777"]
[BlackElo "1970"]
[PlyCount "110"]
[EventDate "2006.04.08"]
[EventType "swiss"]
[EventCountry "GER"]

1. d4 Nf6 2. Nf3 g6 3. c4 Bg7 4. Nc3 O-O 5. e4 d6 6. Be2 Nbd7 7. O-O e5 8. d5
Nc5 9. Qc2 a5 10. a4 Bd7 11. b3 h6 12. h3 Nh5 13. Nh2 Nf4 14. Rb1 Qe7 15. Bg4
f5 16. exf5 gxf5 17. Be2 Nxe2+ 18. Qxe2 e4 19. Nd1 Rae8 20. Qh5 Qf7 21. Qxf7+
Rxf7 22. Re1 h5 23. Bg5 f4 24. Re2 Nd3 25. Kh1 Kh7 26. h4 Bd4 27. f3 e3 28. Nf1
Bf5 29. Kh2 Nc5 30. Nd2 Bd3 31. Re1 Rg8 32. Nxe3 Bxe3 33. Rb2 Bd4 34. Ra2 Bf2
35. Rea1 Bg3+ 36. Kg1 Re8 37. Rc1 Re2 38. Rca1 Bf2+ 39. Kh1 Be3 40. Ne4 Rxa2
41. Rxa2 Nxe4 42. fxe4 Bxe4 43. Kh2 Bd3 44. g3 fxg3+ 45. Kxg3 Bxg5 46. hxg5 Kg6
47. Rd2 Bf5 48. Rb2 Kxg5 49. b4 axb4 50. Rxb4 h4+ 51. Kh2 b6 52. Rb3 Be4 53.
Rb2 Kg4 54. a5 bxa5 55. Ra2 Rf1 0-1